Catálogo
 En Linea

Propuestas para un Estado democrático, participativo y descentralizado. / (Registro nro. 36490)

Detalles MARC
000 -CABECERA
campo de control de longitud fija 00982nam a2200193 a 4500
001 - NÚMERO DE CONTROL
campo de control 000037000
005 - FECHA Y HORA DE LA ÚLTIMA TRANSACCIÓN
campo de control 20200930080056.0
008 - DATOS DE LONGITUD FIJA--INFORMACIÓN GENERAL
campo de control de longitud fija 120207s2000 dr ac 000 0 spa d
020 ## - NÚMERO INTERNACIONAL ESTÁNDAR DEL LIBRO
Número Internacional Estándar del Libro 9993423092
040 ## - FUENTE DE LA CATALOGACIÓN
Centro catalogador/agencia de origen DO-SdBNP
Lengua de catalogación spa
Centro/agencia transcriptor BNPHU
082 ## - NÚMERO DE LA CLASIFICACIÓN DECIMAL DEWEY
Número de clasificación xxxx
Número de documento/Ítem P965
245 00 - MENCIÓN DE TÍTULO
Título Propuestas para un Estado democrático, participativo y descentralizado. /
Mención de responsabilidad, etc. prólogo Onofre Rojas.
260 ## - PUBLICACIÓN, DISTRIBUCIÓN, ETC.
Lugar de publicación, distribución, etc. Santo Domingo :
Nombre del editor, distribuidor, etc. Amigo del Hogar,
Fecha de publicación, distribución, etc. 2000.
300 ## - DESCRIPCIÓN FÍSICA
Extensión 421 p. :
Otras características físicas ils., retrs. ;
Dimensiones 31 cm.
500 ## - NOTA GENERAL
Nota general A la cabeza del título: consulta ciudadana sobre desentralización del Estado y el desarrollo provincial y municipal ¡tu tienes mucho que decir!
500 ## - NOTA GENERAL
Nota general La presente publicación ha sido auspiciada por el Proyecto de Apoyo Inmediato a la Reforma del Estado (PAIRE), que es financiado por la Unión Europea a través de la oficina de LOME lV
700 1# - PUNTO DE ACCESO ADICIONAL--NOMBRE DE PERSONA
Nombre de persona Rojas, Onofre,
Término indicativo de función/relación pról.
9 (RLIN) 31119
710 2# - PUNTO DE ACCESO ADICIONAL--NOMBRE DE ENTIDAD CORPORATIVA
Nombre de entidad corporativa o nombre de jurisdicción como elemento de entrada Comisión Presidencial para la Reforma y Modernización del Estado, COPRyME
9 (RLIN) 63395
Existencias
Estado de retiro Estado de pérdida No para préstamo Código de colección Localización permanente Ubicación/localización actual Ubicación en estantería Fecha de adquisición Número de inventario Total de préstamos Signatura topográfica completa Código de barras Fecha visto por última vez Precio válido a partir de Tipo de ítem Koha
    Excluido de préstamo Patrimonio Dominicano Patrimonio Dominicano Patrimonio Dominicano En catalogación 07.02.2012 LF1   xxxx P965 37000-10 25.06.2020 25.06.2020 Libro y Folleto Colección Patrimonio Dominicano

Con tecnología Koha